<?xml version="1.0" encoding="UTF-8"?>
<record
    xmlns:xsi="http://www.w3.org/2001/XMLSchema-instance"
    xsi:schemaLocation="http://www.loc.gov/MARC21/slim http://www.loc.gov/standards/marcxml/schema/MARC21slim.xsd"
    xmlns="http://www.loc.gov/MARC21/slim">

  <leader>00799nam a22001577a 4500</leader>
  <controlfield tag="003">OSt</controlfield>
  <controlfield tag="005">20150914100647.0</controlfield>
  <controlfield tag="008">150914b        xxu||||| |||| 00| 0 eng d</controlfield>
  <datafield tag="040" ind1=" " ind2=" ">
    <subfield code="c">RUA</subfield>
  </datafield>
  <datafield tag="082" ind1=" " ind2=" ">
    <subfield code="a">AGR BUN 2000 B022 Or.1</subfield>
  </datafield>
  <datafield tag="100" ind1=" " ind2=" ">
    <subfield code="9">435</subfield>
    <subfield code="a">BUN, SIENG.</subfield>
  </datafield>
  <datafield tag="245" ind1=" " ind2=" ">
    <subfield code="a">&#x17A5;&#x1791;&#x17D2;&#x1792;&#x17B7;&#x1796;&#x179B;&#x1793;&#x17C3;&#x1780;&#x17B6;&#x179A;&#x1794;&#x17D2;&#x179A;&#x17BE;&#x1794;&#x17D2;&#x179A;&#x17B6;&#x179F;&#x17CB;&#x1787;&#x17B8;&#x1790;&#x17D2;&#x1798;&#x1795;&#x17BC;&#x179F;&#x17D2;&#x179C;&#x17B6;&#x178F;&#x1791;&#x17C5;&#x179B;&#x17BE;&#x1780;&#x17B6;&#x179A;&#x178A;&#x17BB;&#x17C7;&#x179B;&#x17BC;&#x178F;&#x179B;&#x17B6;&#x179F;&#x17CB;&#x179A;&#x1794;&#x179F;&#x17CB;&#x178A;&#x17C6;&#x178E;&#x17B6;&#x17C6;&#x179F;&#x17D2;&#x179A;&#x17BC;&#x179C; &#x1793;&#x17C5;&#x179B;&#x17BE;&#x178A;&#x17B8;&#x1781;&#x17D2;&#x179F;&#x17B6;&#x1785;&#x17CB;&#x1781;&#x17D2;&#x179F;&#x178F;&#x17CB;&#x1787;&#x17B8;&#x1787;&#x17B6;&#x178F;&#x17B7; &#x1793;&#x17B7;&#x1784;&#x200B;&#x178A;&#x17B8;&#x17A5;&#x178A;&#x17D2;&#x178B;&#x17A2;&#x17B6;&#x179F;&#x17CA;&#x17B8;&#x178F;&#x1781;&#x17D2;&#x179B;&#x17B6;&#x17C6;&#x1784; (effect of rock phosphate ferthlizer applications on the growth of rice on infertile sandy and acid clay soils)</subfield>
  </datafield>
  <datafield tag="260" ind1=" " ind2=" ">
    <subfield code="a">Phnom Penh</subfield>
    <subfield code="b">RUA</subfield>
    <subfield code="c">2000</subfield>
  </datafield>
  <datafield tag="300" ind1=" " ind2=" ">
    <subfield code="a">72p.</subfield>
    <subfield code="b">ill.</subfield>
    <subfield code="c">29cm.</subfield>
  </datafield>
  <datafield tag="942" ind1=" " ind2=" ">
    <subfield code="2">ddc</subfield>
    <subfield code="c">AGR</subfield>
  </datafield>
  <datafield tag="999" ind1=" " ind2=" ">
    <subfield code="c">412</subfield>
    <subfield code="d">412</subfield>
  </datafield>
  <datafield tag="952" ind1=" " ind2=" ">
    <subfield code="0">0</subfield>
    <subfield code="1">0</subfield>
    <subfield code="2">ddc</subfield>
    <subfield code="4">0</subfield>
    <subfield code="6">AGR_BUN_2000_000000000000000_B022_OR_1</subfield>
    <subfield code="7">0</subfield>
    <subfield code="9">1895</subfield>
    <subfield code="a">LBB</subfield>
    <subfield code="b">LBB</subfield>
    <subfield code="c">B022</subfield>
    <subfield code="d">2015-09-14</subfield>
    <subfield code="l">2</subfield>
    <subfield code="m">1</subfield>
    <subfield code="o">AGR BUN 2000 B022 Or.1</subfield>
    <subfield code="p">RUA001926</subfield>
    <subfield code="r">2024-08-12</subfield>
    <subfield code="s">2024-07-19</subfield>
    <subfield code="w">2015-09-14</subfield>
    <subfield code="y">AGR</subfield>
  </datafield>
  <datafield tag="952" ind1=" " ind2=" ">
    <subfield code="0">0</subfield>
    <subfield code="1">0</subfield>
    <subfield code="2">ddc</subfield>
    <subfield code="4">0</subfield>
    <subfield code="6">AGR_BUN_2000_000000000000000_B022_OR_2</subfield>
    <subfield code="7">0</subfield>
    <subfield code="9">1896</subfield>
    <subfield code="a">LBB</subfield>
    <subfield code="b">LBB</subfield>
    <subfield code="c">B022</subfield>
    <subfield code="d">2015-09-14</subfield>
    <subfield code="o">AGR BUN 2000 B022 Or.2</subfield>
    <subfield code="p">RUA001999</subfield>
    <subfield code="r">2015-09-14</subfield>
    <subfield code="w">2015-09-14</subfield>
    <subfield code="y">AGR</subfield>
  </datafield>
  <datafield tag="952" ind1=" " ind2=" ">
    <subfield code="0">0</subfield>
    <subfield code="1">0</subfield>
    <subfield code="2">ddc</subfield>
    <subfield code="4">0</subfield>
    <subfield code="6">AGR_BUN_2000_000000000000000_B022_OR_3</subfield>
    <subfield code="7">0</subfield>
    <subfield code="9">1897</subfield>
    <subfield code="a">LBB</subfield>
    <subfield code="b">LBB</subfield>
    <subfield code="c">B022</subfield>
    <subfield code="d">2015-09-14</subfield>
    <subfield code="l">1</subfield>
    <subfield code="o">AGR BUN 2000 B022 Or.3</subfield>
    <subfield code="p">RUA001847</subfield>
    <subfield code="r">2022-01-24</subfield>
    <subfield code="s">2022-01-11</subfield>
    <subfield code="w">2015-09-14</subfield>
    <subfield code="y">AGR</subfield>
  </datafield>
  <datafield tag="952" ind1=" " ind2=" ">
    <subfield code="0">0</subfield>
    <subfield code="1">0</subfield>
    <subfield code="2">ddc</subfield>
    <subfield code="4">0</subfield>
    <subfield code="6">AGR_BUN_2000_000000000000000_B022_OR_4</subfield>
    <subfield code="7">0</subfield>
    <subfield code="9">1898</subfield>
    <subfield code="a">LBB</subfield>
    <subfield code="b">LBB</subfield>
    <subfield code="c">B022</subfield>
    <subfield code="d">2015-09-14</subfield>
    <subfield code="o">AGR BUN 2000 B022 Or.4</subfield>
    <subfield code="p">RUA001748</subfield>
    <subfield code="r">2015-09-14</subfield>
    <subfield code="w">2015-09-14</subfield>
    <subfield code="y">AGR</subfield>
  </datafield>
  <datafield tag="952" ind1=" " ind2=" ">
    <subfield code="0">0</subfield>
    <subfield code="1">0</subfield>
    <subfield code="2">ddc</subfield>
    <subfield code="4">0</subfield>
    <subfield code="6">AGR_BUN_2000_000000000000000_B022_OR_5</subfield>
    <subfield code="7">0</subfield>
    <subfield code="9">1899</subfield>
    <subfield code="a">LBB</subfield>
    <subfield code="b">LBB</subfield>
    <subfield code="c">B022</subfield>
    <subfield code="d">2015-09-14</subfield>
    <subfield code="o">AGR BUN 2000 B022 Or.5</subfield>
    <subfield code="p">RUA001775</subfield>
    <subfield code="r">2015-09-14</subfield>
    <subfield code="w">2015-09-14</subfield>
    <subfield code="y">AGR</subfield>
  </datafield>
  <datafield tag="952" ind1=" " ind2=" ">
    <subfield code="0">0</subfield>
    <subfield code="1">0</subfield>
    <subfield code="2">ddc</subfield>
    <subfield code="4">0</subfield>
    <subfield code="6">AGR_BUN_2000_000000000000000_B022_OR_6</subfield>
    <subfield code="7">0</subfield>
    <subfield code="9">1900</subfield>
    <subfield code="a">LBB</subfield>
    <subfield code="b">LBB</subfield>
    <subfield code="c">B022</subfield>
    <subfield code="d">2015-09-14</subfield>
    <subfield code="l">1</subfield>
    <subfield code="o">AGR BUN 2000 B022 Or.6</subfield>
    <subfield code="p">RUA001953</subfield>
    <subfield code="r">2025-11-10</subfield>
    <subfield code="s">2025-10-30</subfield>
    <subfield code="w">2015-09-14</subfield>
    <subfield code="y">AGR</subfield>
  </datafield>
  <datafield tag="952" ind1=" " ind2=" ">
    <subfield code="0">0</subfield>
    <subfield code="1">0</subfield>
    <subfield code="2">ddc</subfield>
    <subfield code="4">0</subfield>
    <subfield code="6">AGR_BUN_2000_000000000000000_B022_OR_7</subfield>
    <subfield code="7">0</subfield>
    <subfield code="9">1901</subfield>
    <subfield code="a">LBB</subfield>
    <subfield code="b">LBB</subfield>
    <subfield code="c">B022</subfield>
    <subfield code="d">2015-09-14</subfield>
    <subfield code="o">AGR BUN 2000 B022 Or.7</subfield>
    <subfield code="p">RUA001703</subfield>
    <subfield code="r">2015-09-14</subfield>
    <subfield code="w">2015-09-14</subfield>
    <subfield code="y">AGR</subfield>
  </datafield>
  <datafield tag="952" ind1=" " ind2=" ">
    <subfield code="0">0</subfield>
    <subfield code="1">0</subfield>
    <subfield code="2">ddc</subfield>
    <subfield code="4">0</subfield>
    <subfield code="6">AGR_BUN_2000_000000000000000_B022_OR_8</subfield>
    <subfield code="7">0</subfield>
    <subfield code="9">1902</subfield>
    <subfield code="a">LBB</subfield>
    <subfield code="b">LBB</subfield>
    <subfield code="c">B022</subfield>
    <subfield code="d">2015-09-14</subfield>
    <subfield code="o">AGR BUN 2000 B022 Or.8</subfield>
    <subfield code="p">RUA001788</subfield>
    <subfield code="r">2015-09-14</subfield>
    <subfield code="w">2015-09-14</subfield>
    <subfield code="y">AGR</subfield>
  </datafield>
</record>
